The great polygon caper : (Record no. 6947)

MARC details
000 -LEADER
fixed length control field 01507nam a22002297a 4500
001 - CONTROL NUMBER
control field 6947
003 - CONTROL NUMBER IDENTIFIER
control field FISKH
005 - DATE AND TIME OF LATEST TRANSACTION
control field 20250611142015.0
008 - FIXED-LENGTH DATA ELEMENTS--GENERAL INFORMATION
fixed length control field 250611b cb ||||| |||| 00| 0 eng d
020 ## - INTERNATIONAL STANDARD BOOK NUMBER
International Standard Book Number 9780764140419
040 ## - CATALOGING SOURCE
Original cataloging agency FISKH
Language of cataloging eng
Transcribing agency FISKH
Modifying agency FISKH
082 ## - DEWEY DECIMAL CLASSIFICATION NUMBER
Classification number 516.15
100 ## - MAIN ENTRY--PERSONAL NAME
Personal name Ferrell, Karen
245 ## - TITLE STATEMENT
Title The great polygon caper :
Remainder of title Adventures in Mathopolis /
Statement of responsibility, etc. By Karen Ferrell : Illustrated by Tom Kerr
260 ## - PUBLICATION, DISTRIBUTION, ETC.
Place of publication, distribution, etc. New York :
Name of publisher, distributor, etc. Barron's Educational Series, Inc.,
Date of publication, distribution, etc. 2008.
300 ## - PHYSICAL DESCRIPTION
Extent 217 pages :
Other physical details illustrations ;
Dimensions 20 cm .
520 ## - SUMMARY, ETC.
Summary, etc. Mayor Lostis Marbles, the hero of Adventures in Mathopolis: Estimating and Measuring, is looking for help in solving his problems. Coming to his rescue is a superhero and problem solver, the fifteen-year-old, skateboard-riding Kent Clark, also known as Edge Master. The villains are the Shiftless gang, led by Shiftless Shereé, a mysterious woman with long, red fingernails, and her brother Ambrose Addemup. In a series of funny, fictional episodes, Edge Master helps the hapless mayor solve problems involving angles, polygons, triangles, quadrangles, squares, prisms, and pyramids. He also demonstrates how to calculate the volume of solid objects. Kids will be entertained as they familiarize themselves with the fundamentals of geometry. Black-and-white line art throughout.
650 ## - SUBJECT ADDED ENTRY--TOPICAL TERM
Topical term or geographic name entry element Geometry-Study and teaching ( Elementary ) -activity programs
Form subdivision Non-fiction
700 ## - ADDED ENTRY--PERSONAL NAME
Personal name Kerr, Tom
942 ## - ADDED ENTRY ELEMENTS (KOHA)
Source of classification or shelving scheme Dewey Decimal Classification
Koha item type Books
Suppress in OPAC No
Holdings
Withdrawn status Lost status Source of classification or shelving scheme Damaged status Not for loan Collection Home library Current library Shelving location Date acquired Total Checkouts Full call number Barcode Date last seen Date last checked out Copy number Price effective from Koha item type
    Dewey Decimal Classification     Non-Fiction Footprints International School Library Network Toul Tom Poung Campus Footprints International School Library Network Toul Tom Poung Campus TTP Secondary Non-Fiction Bookshelves 06/11/2025 1 FER 516.15 FIS02892 02/02/2026 01/05/2026 1 06/11/2025 Books
    Dewey Decimal Classification     Non-Fiction Footprints International School Library Network Toul Tom Poung Campus Footprints International School Library Network Toul Tom Poung Campus TTP Secondary Non-Fiction Bookshelves 01/06/2026   FER 516.15 FIS02911 01/06/2026   2 01/06/2026 Books